Texte. tomo 1 [pindaro] /

Guardado en:
Autor Principal: Pindaro
Formato: Libro
Publicado: Paris : Les Belles Lettres, 1922
Materias:
Etiquetas: Agregar Etiqueta
Sin Etiquetas, Sea el primero en etiquetar este registro!
LEADER 00467nam a22001575a 4500
001 EHU.bham018607
003 AR-BHAM
005 20101108164453.0
008 130507s1922##################000#0#####d
082 8 8 |a 884 
100 1 |a Pindaro 
245 1 0 |a Texte. tomo 1 [pindaro] /  |c Pindaro 
260 |a Paris :  |b Les Belles Lettres,  |c 1922 
500 |a Puech, Aime, Trad. 
653 |a Poesia griega lirica 
859 |a AR-BHAM  |b BIB. HUMANIDADES - Arturo Marasso  |h 884  |i P652-3  |p 307.57  |t Ej.1  |v I M  |3 I